000 00693nam a2200229 i 4500
001 C2-0306959
003 PPAK
005 20180728093605.0
008 101226s1978 xx o|||| ||||| | may d
040 _aPPAK
_beng
_cPPAK
_erda
082 0 4 _a371.10095951
_223
090 0 0 _a371.10095951
_bCEN
_dKSI
245 0 0 _aCenderamata sempena 10 tahun KGMMB 1968 - 1978
264 1 _bAbdul Manan Mohd Noh ,
_c1978
300 _a93 pages :
_bphotographs ;
_c19 cm
336 _2rdacontent
_atext
337 _2rdamedia
_aunmediated
338 _2rdacarrier
_avolume
650 1 0 _aTeachers' unions - Malaysia. ; Teachers - Malaysia.
700 0 _aAbdul Manan Mohd. Noh.,
_ecompile
942 _ddc
_cB
999 _c109781
_d109781